Feed flavor and animal nutrition

Na minha lista:
Detalhes bibliográficos
Autor principal: Tribble, Talmadge B.
Formato: Livro
Idioma:Undetermined
Publicado em: Chicago Agriaids 1962
Assuntos:
Tags: Adicionar Tag
Sem tags, seja o primeiro a adicionar uma tag!
Thư viện lưu trữ: Trung tâm Học liệu Trường Đại học Cần Thơ
LEADER 00544nam a2200193Ia 4500
001 CTU_126035
008 210402s9999 xx 000 0 und d
082 |a 636.085 
082 |b T822 
100 |a Tribble, Talmadge B. 
245 0 |a Feed flavor and animal nutrition 
245 0 |c by Talmadge B. Tribble 
260 |a Chicago 
260 |b Agriaids 
260 |c 1962 
650 |a Animal nutrition,Flavor,Feeds 
650 |x Dinh dưỡng vật nuôi 
904 |i Hiếu 
980 |a Trung tâm Học liệu Trường Đại học Cần Thơ